La economía imperfecta: cronología de la crisis /

El texto hace referencia a los principales hechos acaecidos, las reacciones y los programas de rescate finaciero desarrollados cronologicamente durante la crisis economico-finaciera mundial durante el período 2007-2009.

সংরক্ষণ করুন:
গ্রন্থ-পঞ্জীর বিবরন
প্রধান লেখক: López Hernández, Diana
অন্যান্য লেখক: Cruz González, Mario A., Zúñiga Hernández, Karla P., Galván Rodea, Carlos J.
বিন্যাস: পাঠ‍্য
বিষয়গুলি:
ট্যাগগুলো: ট্যাগ যুক্ত করুন
কোনো ট্যাগ নেই, প্রথমজন হিসাবে ট্যাগ করুন!

MARC

LEADER 00000 a a2200000 04500
001 5391
003
040
100 |a López Hernández, Diana  
245 |a La economía imperfecta:   |b cronología de la crisis /  |c Diana López Hernández  
520 |a El texto hace referencia a los principales hechos acaecidos, las reacciones y los programas de rescate finaciero desarrollados cronologicamente durante la crisis economico-finaciera mundial durante el período 2007-2009.  
650 |a 1.CRISIS ECONOMICA  
650 |a 2.CRONOLOGIA  
700 |a Cruz González, Mario A.  
700 |a Zúñiga Hernández, Karla P.  
700 |a Galván Rodea, Carlos J.  
773 |g número 357; páginas 93-109  
999 |c 27897  |d 27897